000 00852na a2200265 4500
001 16438
003 MIRAKIL
005 20181213154730.0
008 161006b tu 000 0
020 _a9153203992
035 _a16438
040 _aMilas
_btur
_cTR-AnCHP
041 _atur
082 _a324.2485072
_bİ78 1997
090 _a324.2485072 İ78 1997
245 _aİsveç Sosyal Demokrat Parti programı
260 _aStockholm
_bİsveç Kültür ve Dostluk Derneği Yayınları
_c1997
300 _a77 s.
_c21 sm.
490 _aİsveç Kültür ve Dostluk Derneği yayınları
_v1
650 _aSosyal demokrasi
650 _aİsveç Sosyal Demokrat Partisi (SAP)
_xParti programları
651 _aİsveç
_xSiyasal partiler
_yParti programları
651 _aİsveç
_xSosyal demokrat partiler
_yParti programları
942 _2ddc
_cBKS
999 _c25
_d25